000 00866cam a22001937i 4500
005 20251108173300.0
008 250721s2005 sy a gr 000 0 ara d
082 1 4 _a005.42
_bش م ع
100 1 _aالشمعة، خالد عبد الستار
_eمعد
245 1 0 _aكتاب المبرمج JSP /
_bعرض شامل لبرمجيات servlet 2.4 و بروتوكول HTTP و JSP 2.0 تغطية لنماذج HTML وتقنية JDBC.
_cإعداد المهندس خالد عبد الساتر الشمعة, المهندس أسامة العبدالله.
250 _aالطبعة الأولى.
264 1 _aسوريا :
_bشعاع للنشر والعلوم،
_c2005.
300 _a709 صفحة.
650 1 7 _aالبرمجيات
650 1 7 _aبرامج الحاسوب
700 1 _aالعبد الله، أسامة
_eمعد
942 _2ddc
_cBK
999 _c100302
_d100302